Nano physics / (Record no. 24836)

MARC details
000 -LEADER
fixed length control field 00724nam a22002177a 4500
005 - DATE AND TIME OF LATEST TRANSACTION
control field 20100806155829.0
010 ## - LCCN (DPL NO)
LC control number ENG-98754
020 ## - INTERNATIONAL STANDARD BOOK NUMBER
Terms of availability 55.00
035 ## - SYSTEM CONTROL NUMBER
System control number EN-82286
037 ## - SOURCE OF ACQUISITION
Source of stock number/acquisition DBAD/PUB
082 ## - DEWEY DECIMAL CLASSIFICATION NUMBER
Classification number 620.5
100 ## - MAIN ENTRY--PERSONAL NAME
Personal name Akila, K.
245 ## - TITLE STATEMENT
Title Nano physics /
Statement of responsibility, etc by K. Akila
260 ## - PUBLICATION, DISTRIBUTION, ETC. (IMPRINT)
Place of publication, distribution, etc Chennai
Name of publisher, distributor, etc Today Publication
Date of publication, distribution, etc 2008
270 ## - ADDRESS
Address 192, S. R. Complex, Bells Road,
City Chennai
Postal code 600005
300 ## - PHYSICAL DESCRIPTION
Extent 94p.
Dimensions 20cm (pbk)
650 ## - SUBJECT ADDED ENTRY--TOPICAL TERM
Topical term following geographic name as entry element Nanoscience
650 ## - SUBJECT ADDED ENTRY--TOPICAL TERM
Topical term following geographic name as entry element Nanotechnology
942 ## - ADDED ENTRY ELEMENTS (KOHA)
Source of classification or shelving scheme Dewey Decimal Classification
Item type English Books
Classification part 620.5
Call number suffix AKI
Holdings
Withdrawn status Lost status Not for loan Collection code Home library Current library Date acquired Source of acquisition Cost, normal purchase price Full call number Barcode Copy number Cost, replacement price Koha item type
    Not For Loan Non-fiction D.B.Act.Division D.B.Act.Division 06/08/2010 DBAD/PUB 55.00 620.5 AKI EN-82286 1 55.00 English Books

© Delhi Public Library
Hit Counter
free hit counter